Statistiques concernant Les propriétés du Monopoly français

Cliquez ici pour prendre le quiz!

Statistiques générales

  • Ce quiz a été pris 16 fois
  • Le résultat moyen est 11 sur 28

Statistiques - réponses

Propriété% Correct
Gare de Lyon
80%
Rue de la Paix
80%
Gare du Nord
73%
Avenue des Champs-Élysées
53%
Gare Montparnasse
53%
Gare Saint-Lazare
53%
Rue de Courcelles
53%
Avenue de la République
40%
Avenue Foch
40%
Avenue Matignon
40%
Boulevard des Capucines
40%
Faubourg Saint-Honoré
40%
Rue Lecourbe
40%
Avenue de Breteuil
33%
Boulevard de Belleville
33%
Place Pigalle
33%
Rue de Vaugirard
33%
Rue La Fayette
33%
Avenue Henri-Martin
27%
Avenue Mozart
27%
Boulevard de la Villette
27%
Boulevard Malesherbes
27%
Place de la Bourse
27%
Rue de Paradis
27%
Avenue de Neuilly
20%
Boulevard Saint-Michel
20%
Compagnie de Distribution d'Électricité
13%
Compagnie de Distribution des Eaux
13%

Distribution des résultats

Percentile par nombre de réponses

% des personnes avec chaque résultat

Votre développement - résultats

Vous n’avez pas pris ce quiz